[Event "Leiden op-A 8th"]
[Site "Leiden"]
[Date "2014.07.12"]
[Round "2"]
[White "De Heer, Henk JJ"]
[Black "Frost, Peter"]
[Result "1/2-1/2"]
[WhiteElo "1895"]
[BlackElo "1803"]
[PlyCount "47"]
[EventDate "2014.07.11"]
[EventType "swiss"]
[EventRounds "9"]
[EventCountry "NED"]
[SourceTitle "CBM 161 Extra"]
[Source "ChessBase"]
[SourceDate "2014.08.29"]
[SourceVersion "1"]
[SourceVersionDate "2014.08.29"]
[SourceQuality "1"]

1. e4 c5 2. Nf3 Nc6 3. d4 cxd4 4. Nxd4 Nf6 5. Nc3 e5 6. Ndb5 d6 7. Bg5 a6 8. Na3 b5 9. Nd5 Be7 10. Bxf6 Bxf6 11. c3 0-0 12. Nc2 Bg5 13. Nce3 Bxe3 14. Nxe3 Be6 15. Bd3 Rb8 16. 0-0 a5 17. Rc1 Qb6 18. Bb1 Ne7 19. Qh5 b4 20. cxb4 Qxb4 21. Rc7 Ng6 22. Nf5 Rfc8 23. Rxc8+ Rxc8 24. b3 1/2-1/2